MARC

LEADER 00000nam0a2200000 4500
001 275320
005 20231101234819.0
020 |a RU  |b 85-83631 
035 |a (RuTPU)RU\TPU\book\298561 
090 |a 275320 
100 |a 20141113d1985 k y0rusy5003 ca 
101 0 |a rus 
102 |a UA 
105 |a a z 000zy 
200 1 |a Универсальный комплекс машин для испытания материалов и конструкций на усталость  |f Э. Я. Филатов, В. Э. Павловский  |g Академия наук Украинской ССР (АН УССР), Институт механики 
210 |a Киев  |c Наукова думка  |d 1985 
215 |a 91 с.  |c ил. 
606 1 |a Материалы  |x Испытание на усталость  |2 stltpush  |3 (RuTPU)RU\TPU\subj\41278  |9 61082 
610 1 |a конструкционные материалы 
610 1 |a оборудование 
610 1 |a испытания 
610 1 |a применение 
610 1 |a устройства 
610 1 |a кручение 
610 1 |a изгиб 
610 1 |a нагруженность 
675 |a 620.178.3  |z rus  |v 4 
700 1 |a Филатов  |b Э. Я.  |g Эдуард Яковлевич  |4 070 
701 1 |a Павловский  |b В. Э.  |g Вадим Эдуардович  |4 070 
712 0 2 |a Академия наук Украинской ССР (АН УССР)  |b Институт механики  |c (Киев)  |c (1959-1991)  |2 stltpush  |3 (RuTPU)RU\TPU\col\1205 
801 0 |a RU  |b RuMRKP  |c 19950704  |g psbo 
801 1 |a RU  |b 63413507  |c 20141113 
801 2 |a RU  |b 63413507  |c 20170329  |g RCR 
942 |c BK